000 00764nam a2200277Ia 4500
003 OSt
005 20221005055031.0
006 a|||||r|||| 00| 0
007 ta
008 221004b |||||||| |||| 00| 0 eng d
020 _a0333237552
024 _a42311
037 _cTextual
040 _aCRL
_cCRL
_beng
041 _2eng
_aeng
082 _aO111,3M79:g, M6
100 _aCavaliero Glen
110 _aGift from Prof Amitava Banerjee, London
245 0 _aReading of E. M. Forster
260 _aLondon
_bMacmillan UK
_c1986
300 _a187p.
_ccm.
650 _aENGLISH LITERATURE
700 _aGift from Prof Amitava Banerjee, London
942 _hO111,3M79:g, M6
_cTEXL
_2cc
999 _c964434
_d964434